|
|
|
|
| LEADER |
00000nam0a2200000 4500 |
| 001 |
280797 |
| 005 |
20231101235336.0 |
| 020 |
|
|
|a RU
|b 86-65931
|
| 035 |
|
|
|a (RuTPU)RU\TPU\book\304357
|
| 090 |
|
|
|a 280797
|
| 100 |
|
|
|a 20150115d1986 k y0rusy5003 ca
|
| 101 |
0 |
|
|a rus
|
| 102 |
|
|
|a RU
|
| 105 |
|
|
|a y z 100zy
|
| 200 |
1 |
|
|a Исследования и практика экстракции неорганических веществ
|e тезисы докладов Всесоюзного совещания по применению экстракции в технологии неорганических веществ (23-25 сент. 1986 г., Апатиты)
|f Академия наук СССР (АН СССР), Институт химии и технологии редких элементов и минерального сырья им. И. В. Тананаева (ИХТРЭМС)
|
| 210 |
|
|
|a Апатиты
|c [Б. и.]
|d 1986
|
| 215 |
|
|
|a 158 с.
|
| 606 |
1 |
|
|a Химическая технология неорганических веществ
|2 stltpush
|3 (RuTPU)RU\TPU\subj\73684
|9 86545
|
| 610 |
1 |
|
|a 'кстракция
|
| 610 |
1 |
|
|a неорганические соединения
|
| 610 |
1 |
|
|a экстракционное оборудование
|
| 610 |
1 |
|
|a экстракционные процессы
|
| 610 |
1 |
|
|a автоматизация
|
| 610 |
1 |
|
|a экстрагенты
|
| 610 |
1 |
|
|a разбавители
|
| 610 |
1 |
|
|a аналитический контроль
|
| 610 |
1 |
|
|a совещания
|
| 675 |
|
|
|a 661.2/.6(063)
|z rus
|v 4
|
| 712 |
0 |
2 |
|a Академия наук СССР (АН СССР)
|b Институт химии и технологии редких элементов и минерального сырья им. И. В. Тананаева (ИХТРЭМС)
|c (Апатиты)
|2 stltpush
|3 (RuTPU)RU\TPU\col\11482
|
| 712 |
1 |
2 |
|a Исследования и практика экстракции неорганических веществ
|c совещание
|e Апатиты
|f 1986
|
| 801 |
|
0 |
|a RU
|b RuMRKP
|c 19950704
|g psbo
|
| 801 |
|
1 |
|a RU
|b 63413507
|c 20150115
|
| 801 |
|
2 |
|a RU
|b 63413507
|c 20170627
|g RCR
|
| 942 |
|
|
|c BK
|